Deep Learning/ (Record no. 186424)
[ view plain ]
| 000 -LEADER | |
|---|---|
| fixed length control field | 00627nam a22001817a 4500 |
| 005 - DATE AND TIME OF LATEST TRANSACTION | |
| control field | 20220228114102.0 |
| 010 ## - LCCN (DPL NO) | |
| LC control number | ENG-131827 |
| 020 ## - INTERNATIONAL STANDARD BOOK NUMBER | |
| International Standard Book Number | 9789354493874 |
| Terms of availability | 699.00 |
| 035 ## - SYSTEM CONTROL NUMBER | |
| System control number | EN-115359 |
| 037 ## - SOURCE OF ACQUISITION | |
| Source of stock number/acquisition | DBAD/PUB |
| 082 ## - DEWEY DECIMAL CLASSIFICATION NUMBER | |
| Classification number | 006.31 |
| 245 ## - TITLE STATEMENT | |
| Title | Deep Learning/ |
| Statement of responsibility, etc | Amit Kumar Das [et.al...] |
| 260 ## - PUBLICATION, DISTRIBUTION, ETC. (IMPRINT) | |
| Place of publication, distribution, etc | Uttar Pradesh |
| Name of publisher, distributor, etc | Pearson India Education Services Pvt. Ltd |
| Date of publication, distribution, etc | 2021 |
| 270 ## - ADDRESS | |
| City | Uttar Pradesh |
| Address | 15th Floor, Tower-B, World Trade Tower, Plot No. 1, Block-C, Sector 16, Noida |
| Postal code | 201301 |
| 300 ## - PHYSICAL DESCRIPTION | |
| Extent | xxiii, 524p. |
| Other physical details | Index |
| Dimensions | 24cm(pbk) |
| 700 ## - ADDED ENTRY--PERSONAL NAME | |
| Personal name | Das, Amit Kumar [et.al...] |
| 942 ## - ADDED ENTRY ELEMENTS (KOHA) | |
| Source of classification or shelving scheme | Dewey Decimal Classification |
| Item type | English Books |
| Classification part | 006.31 |
| Call number suffix | DAS |
| Withdrawn status | Lost status | Not for loan | Collection code | Home library | Current library | Date acquired | Source of acquisition | Cost, normal purchase price | Full call number | Barcode | Copy number | Cost, replacement price | Koha item type |
|---|---|---|---|---|---|---|---|---|---|---|---|---|---|
| Non-fiction | Central Library | Central Library | 28/02/2022 | DBAD/PUB | 699.00 | 006.31 DAS | EN-115359 | 1 | 699.00 | English Books |
